| 000 | 00930nam a2200217 4500 | ||
|---|---|---|---|
| 003 | OSt | ||
| 005 | 20260602131246.0 | ||
| 008 | 260602b |||||||| |||| 00| 0 eng d | ||
| 020 | _a9781781727065 | ||
| 040 | _aKenya National Library Service | ||
| 082 | _a741.5973 MUN | ||
| 100 |
_aMunday, Nathan _eAuthor |
||
| 245 |
_aWhaling / _cNathan Munday. |
||
| 300 |
_a232 pages : _billustrations, _c21 cm. |
||
| 520 | _a1792.Nantucket whalers are invited to found the port of Milford Haven in Wales. What does the arrival of these hardy Quakers - immigrants to America a century before - mean for the local people? And what is the meaning of the beached whale that preceded them? Two cultures rub against each other and distrust grows, driven by the local preacher. | ||
| 650 | _aArts & recreation. | ||
| 650 | _aDecorative Arts. | ||
| 942 |
_2ddc _cBK _n0 |
||
| 999 |
_c492959 _d492959 |
||